000 00557nam a2200181Ia 4500
003 GCL
008 140319s9999 xx 000 0 ara d
040 _aGCL /
_cGCL
082 0 4 _a250
_bن ت
100 1 _aنصر بن حمد بن ابراهيم السمرقند
245 1 0 _aتنبية الغافلين /
_cنصر بن حمد بن ابراهيم السمرقند
260 _a[S.N] :
_bدار الجيل
300 _a400 ص
490 _a
650 0 4 _aالشريعة الاسلامية
650 0 4 _aالفقه الاسلامى
942 _2ddc
_cBK
999 _c50936
_d50936